000 01223nam a2200313 i 4500
001 186380
003 SpMaBN
005 20260616130213.0
008 161102m19851986xxk |||| | grc
020 _a0-19-814528-4
080 _a875-131"-08"
100 0 _aHomero
_964112
245 1 0 _aHomeri opera.
_nI-II /
_crecognoverunt brevique adnotatione critica instruxerunt David B. Monro et Thomas W. Allen.
246 3 8 _aIliadis
250 _a3rd ed., repr.
260 _aOxonii :
_bE Typographeo Clarendoniano ;
_aOxford :
_bOxford University Press,
_c1985-1986.
300 _a2 v. (XXXII, 266 p.; 310 p.) ;
_c19 cm.
490 1 _aScriptorum classicorum bibliotheca Oxoniensis
490 1 _aOxford classical texts
500 _aÍndice.
505 8 _aContiene: v. 1 ;
_tIliadis libros I-XII continens - v. 2 ;
_tIliadis libros XIII-XXIV continens
546 _aTexto griego; introducción y notas en latín.
700 1 _aMonro, David B.
_9161145
700 1 _aAllen, Thomas William.
_9161146
830 0 _aScriptorum classicorum bibliotheca Oxoniensis
_9185200
830 0 _aOxford classical texts
_9192539
852 _aES-MaACL
_jL-30749-50
_z- enc. cart.
_z. - Donat. Miguel A. Velasco
999 _c186380
_d186380